000 00381 a2200169 4500
001 183512
020 _a85-322-0908-4
040 _cMagnum
100 _aBraz, Julio Emilio
240 1 0 _aPra que serve um papai noel?
_lpor
245 1 0 _aPra que serve um papai noel?
300 _a24
362 0 _a1993
440 1 _aFTD
697 _aLITERATURA INFANTO-JUVENIL
942 _cBK
999 _c183512
_d183512